000 00600nam a2200217Ii 4500
001 1294
003 CO-ViMGA
008 241108s9999||||xx |||||||||||||| ||und||
020 _a8437222311
040 _aCO-ViMGA
_bspa
_erda
_cCO-ViMGA
041 0 _aspa
084 _aA MCK1
100 1 _aDavid McKee
_946011
245 1 0 _aElmer y Wilbur
264 1 _a[Lugar de publicación no identificado] : Altea, 2001
300 _avolumen
336 _atext
_btxt
_2rdacontent
337 _aunmediated
_bn
_2rdamedia
338 _avolume
_bnc
_2rdacarrier
940 _aidficha_siabuc: 1268. -- ficha_no_siabuc:1294
999 _c40552
_d40552